00601 2200229 4500001002100000005001700021008004100038035002400079040001200103082001000115090001700125100002100142245005200163250001000215260002700225300001900252500002700271650003400298700001600332850001200348990001100360YOGYA-0612000000050120120607184303.0 ind  0010-061200000000499 aYOPDYOG a823.8 a823.8bBol R aBOLDREWOOD, Rolf aRobbery under armscRolf Boldrewood;G. P. Maine aCet.1 aLondonbCollingsc1888 a446 hlmc18 cm aBibliografi : hlm. 447 aKesusastraan Inggris - Cerita aMaine, G. P aYOPDYOG a4889-a